AC Milan number 10 (1985.-2022.) - Statistics

General Stats
  • This quiz has been taken 183 times
  • The average score is 12 of 29
Answer Stats
Seasons Country Answer % Correct
06/12 Netherlands Clarence Seedorf
94%
17/21 Turkey Hakan Calhanoglu
89%
01/06 Portugal Rui Costa
89%
14/17 Japan Keisuke Honda
88%
87/88 - 92/93 Netherlands Ruud Gullit
78%
92/95 - 98/01 Croatia Zvonimir Boban
74%
12/14 Ghana Kevin-Prince Boateng
71%
21/22 Spain Brahim Diaz
68%
92/93 - 97/98 Montenegro/Yugoslavia Dejan Savicevic
63%
95/96 Italy Roberto Baggio
63%
88/90 Netherlands Frank Rijkaard
54%
92/93 France Jean-Pierre Papin
51%
88/89 - 91/92 Italy Carlo Ancelotti
44%
86/87 - 88/89 - 94/95 Italy Roberto Donadoni
44%
93/94 Denmark Brian Laudrup
39%
88/89 - 91/92 - 93/95 Italy Daniele Massaro
39%
94/95 Italy Demetrio Albertini
38%
85/86 Italy Paolo Rossi
18%
92/93 Italy Stefano Eranio
18%
94/95 Italy Gianluigi Lentini
17%
87/88 Italy Angelo Colombo
13%
88/90 Italy Franco Baresi
11%
86/87 Italy Agostino Di Bartolomei
6%
94/95 Italy Paolo Di Canio
4%
89/92 Italy Diego Fuser
3%
86/87 Italy Giuseppe Galderisi
2%
86/87 Italy Andrea Manzo
1%
88/89 Italy Christian Lantignotti
1%
90/91 Italy Giovanni Stroppa
1%
No matching quizzes found
Score Distribution
Percent of People with Each Score
Percentile by Number Answered
Your Score History
You have not taken this quiz